| 000 | 00559nam a2200217Ia 4500 | ||
|---|---|---|---|
| 999 |
_c3289 _d3289 |
||
| 001 | 8003576 | ||
| 003 | OSt | ||
| 005 | 20181108113021.0 | ||
| 008 | 920625s1973 pau 000 0 eng d | ||
| 020 | _a0875082289 | ||
| 035 | _a0803-33860 | ||
| 040 | _cDLC | ||
| 082 |
_a248.24 _bH154E |
||
| 090 |
_aBV2623 _b.H34 1973x |
||
| 100 | 1 | _aHajos, Mary | |
| 245 | 1 | 4 |
_aThe eternal covenant / _cMary Hajos |
| 260 |
_aFort Washington, Pa. : _bChristian Literature Crusade, _c1973 |
||
| 300 |
_a113 p. ; _c18 cm |
||
| 650 | 0 | _aConverts from Judaism | |
| 942 |
_2ddc _cBK |
||